<?xml version="1.0" encoding="UTF-8"?>
<record
    xmlns:xsi="http://www.w3.org/2001/XMLSchema-instance"
    xsi:schemaLocation="http://www.loc.gov/MARC21/slim http://www.loc.gov/standards/marcxml/schema/MARC21slim.xsd"
    xmlns="http://www.loc.gov/MARC21/slim">

  <leader>02846nam a22002537i 4500</leader>
  <controlfield tag="003">OSt</controlfield>
  <controlfield tag="005">20251210150331.0</controlfield>
  <controlfield tag="008">251210b2023    mx|||||gr|||| 001 0 spa d</controlfield>
  <datafield tag="040" ind1=" " ind2=" ">
    <subfield code="b">spa</subfield>
    <subfield code="c">LADOV</subfield>
  </datafield>
  <datafield tag="041" ind1="0" ind2=" ">
    <subfield code="a">spa</subfield>
  </datafield>
  <datafield tag="082" ind1="0" ind2="4">
    <subfield code="a">335.83</subfield>
    <subfield code="b">B499m</subfield>
  </datafield>
  <datafield tag="100" ind1="1" ind2=" ">
    <subfield code="a">Bergman, Carla</subfield>
    <subfield code="e">autora</subfield>
  </datafield>
  <datafield tag="245" ind1="1" ind2="0">
    <subfield code="a">Militancia alegre :</subfield>
    <subfield code="b">tejer resistencias, florecer en tiempos t&#xF3;xicos / </subfield>
    <subfield code="c">Carla Bergman y Nick Montgomery ; coordinaci&#xF3;n de traducci&#xF3;n por Alfredo Boj&#xF3;rquez.</subfield>
  </datafield>
  <datafield tag="260" ind1=" " ind2=" ">
    <subfield code="a">M&#xE9;xico : </subfield>
    <subfield code="b">Traficantes de sue&#xF1;os ; Tumbalacasa ediciones, </subfield>
    <subfield code="c">2023.</subfield>
  </datafield>
  <datafield tag="300" ind1=" " ind2=" ">
    <subfield code="a">320 p&#xE1;ginas ; </subfield>
    <subfield code="c">23 cm</subfield>
  </datafield>
  <datafield tag="505" ind1="0" ind2=" ">
    <subfield code="a">Notas sobre la traducci&#xF3;n colectiva / Alfredo Boj&#xF3;rquez. -- Sin miedo y sin esperanza / Stefan&#xED;a Acevedo. -- Glosario. -- Introducci&#xF3;n. -- Preguntas. -- Teor&#xED;a afirmativa. -- La alegr&#xED;a y la corriente spinoziana. -- Militancia alegre y poderes emergentes. -- M&#xE1;s all&#xE1; del optimismo y el pesimismo. -- Sobre el anarquismo. -- El inicio de una conversaci&#xF3;n. -- Estructura del libro. -- Imperio, militancia y alegr&#xED;a. -- La resistencia y la alegr&#xED;a est&#xE1;n en todos lados. -- Tristeza y sometimiento. -- La alegr&#xED;a no es la felicidad. -- El poder de la alegr&#xED;a. -- Militante de la alegr&#xED;a. -- Amistad, libertad, &#xE9;tica y afinidad. -- La urgencia de generar relaciones de parentesco. -- La amistad es la ra&#xED;z de la libertad. -- Del moralismo a la &#xE9;tica. -- &#xBF;Qu&#xE9; puede (hacer) la amistad? -- La solidaridad comienza en casa. -- La &#xE9;tica de la afinidad en el anarquismo. -- Conectar las corrientes de Spinoza con las luchas ind&#xED;genas. -- La amistad y la libertad tienen bordes afilados. -- La formaci&#xF3;n activa de nuestros mundos colectivos. -- Confianza y responsabilidad como nociones comunes. -- La (des)confianza y la (ir)responsabilidad bajo el Imperio. -- El monopolio radical del Imperio sobre la vida. -- Hacia la convivencialidad.-- Confianza emergente y responsabilidad. -- Tres ejemplos. -- El poder de la confianza de base. --  &#xBF;La responsabilidad y la confianza son infinitas?. -- Mantener generosamente las nociones comunes. -- Agobio, agotamiento y desempe&#xF1;o pol&#xED;tico. -- Contornos t&#xF3;xicos. -- Es esa gente&#x2026; -- El paradigma gubernamental. -- Decadencia y contrarrevoluci&#xF3;n. -- Los riesgos de comparar. -- Correcci&#xF3;n pol&#xED;tica. -- Deshacer el radicalismo r&#xED;gido. -- Tres historias de radicalismo r&#xED;gido. -- Ideolog&#xED;a. -- Los l&#xED;mites de la ideolog&#xED;a. Moral, miedo y sintonizaci&#xF3;n &#xE9;tica. -- Eres tan paranoic* que quiz&#xE1; pienses que esta secci&#xF3;n se refiere a ti. -- Hacia nuevos encuentros. -- Ep&#xED;logo, Tres maneras de sintonizar.</subfield>
  </datafield>
  <datafield tag="650" ind1="0" ind2="4">
    <subfield code="a">Teor&#xED;a</subfield>
  </datafield>
  <datafield tag="650" ind1="0" ind2="4">
    <subfield code="a">Conciencia social</subfield>
  </datafield>
  <datafield tag="650" ind1="0" ind2="4">
    <subfield code="a">Cr&#xED;tica e interpretaci&#xF3;n</subfield>
  </datafield>
  <datafield tag="650" ind1="0" ind2="4">
    <subfield code="a">Cr&#xED;tica social</subfield>
  </datafield>
  <datafield tag="700" ind1="1" ind2=" ">
    <subfield code="a">Montgomery, Nick </subfield>
    <subfield code="e">autor</subfield>
  </datafield>
  <datafield tag="700" ind1="1" ind2=" ">
    <subfield code="a">Boj&#xF3;rquez, Alfredo </subfield>
    <subfield code="e">traductor</subfield>
  </datafield>
  <datafield tag="942" ind1=" " ind2=" ">
    <subfield code="2">ddc</subfield>
    <subfield code="c">1</subfield>
    <subfield code="h">335.83</subfield>
    <subfield code="i">B499m</subfield>
    <subfield code="n">0</subfield>
  </datafield>
  <datafield tag="999" ind1=" " ind2=" ">
    <subfield code="c">4592</subfield>
    <subfield code="d">4592</subfield>
  </datafield>
  <datafield tag="952" ind1=" " ind2=" ">
    <subfield code="0">0</subfield>
    <subfield code="1">0</subfield>
    <subfield code="2">ddc</subfield>
    <subfield code="4">0</subfield>
    <subfield code="7">0</subfield>
    <subfield code="8">Libros</subfield>
    <subfield code="a">LV</subfield>
    <subfield code="b">LV</subfield>
    <subfield code="d">2025-12-10</subfield>
    <subfield code="l">0</subfield>
    <subfield code="o">335.83 B499m</subfield>
    <subfield code="p">005267</subfield>
    <subfield code="r">2025-12-10 00:00:00</subfield>
    <subfield code="w">2025-12-10</subfield>
    <subfield code="y">1</subfield>
  </datafield>
</record>
